Leevi and the Leavingsin kappaleet - Statistics

Yleistilastot
  • Tätä visaa on pelattu 25 kertaa
  • Keskiarvotulos 24 / 187
Vastaustilastot
Vastaus % Oikein
Raparperitaivas Raparperitaivas
65%
Raha ja rakkaus Poika nimeltä Päivi
60%
Häntä koipien välissä Teuvo, maanteiden kuningas
55%
Turkmenialainen tyttöystävä Turkmenialainen tyttöystävä
55%
Häntä koipien välissä Rin Tin Tin
50%
Häntä koipien välissä Sopivasti lihava
50%
Häntä koipien välissä Elina, mitä mä teen?
40%
Suuteleminen kielletty Muotitietoinen
40%
Musiikkiluokka Unelmia ja toimistohommia
35%
Rakkauden planeetta Vakosamettihousuinen mies
35%
Mies joka toi rock ’n’ rollin Suomeen Onnelliset
30%
Raparperitaivas Tikapuut taivaaseen
30%
Rakkauden planeetta Vasara ja nauloja
30%
Häntä koipien välissä Amalia
25%
Kadonnut laakso En tahdo sinua enää
25%
Rakkauden planeetta Itkisitkö onnesta?
25%
Musiikkiluokka Jos Helsinki on kaunis
25%
Raparperitaivas Kampela
25%
Suuteleminen kielletty Tuhannen markan seteli
25%
Musiikkiluokka Vanha koulukuva
25%
Mies joka toi rock ’n’ rollin Suomeen Älä itke, Baby Jane
20%
Perjantai 14. päivä Elämä ikkunan takana
20%
Musiikkiluokka Isojen tyttöjen yö
20%
Hopeahääpäivä Jani
20%
Varasteleva joulupukki Jouluaattona kännissä
20%
Musiikkiluokka Keltainen huivi
20%
Rakkauden planeetta Koko talvi kesämökillä
20%
Turkmenialainen tyttöystävä Kyyhkynen ja kyykäärme
20%
Käärmenäyttely Laura Jenna Ellinoora Alexandra Camilla Jurvanen
20%
Raha ja rakkaus Mary Jane
20%
Häntä koipien välissä Mäyrä
20%
Turkmenialainen tyttöystävä Mieletön Melinda
20%
Perjantai 14. päivä Nainen toiselta planeetalta
20%
Musiikkiluokka Pihlajankukka
20%
Musiikkiluokka Pikku prinsessa
20%
Häntä koipien välissä Pimeä tie, mukavaa matkaa
20%
Rakkauden planeetta Rakkauden planeetta
20%
Rakkauden planeetta Rakkauden työkalu
20%
Häntä koipien välissä Äitisi vietteli minut
15%
Kerran elämässä Edes kerran elämässä
15%
Häntä koipien välissä Ei mikään Robin Hood
15%
Suuteleminen kielletty Ei se tyttö tule takaisin
15%
Mies joka toi rock ’n’ rollin Suomeen Elämää
15%
Onnen avaimet Esa Pakarisen näköinen nainen
15%
Bulebule Goan arkki
15%
Bulebule Ihan tavalliset tennissukat
15%
Varasteleva joulupukki Jerusalem
15%
Varasteleva joulupukki Joulukertomus
15%
Varasteleva joulupukki Jouluksi mummolaan
15%
Perjantai 14. päivä Kiinalaisessa pesulassa
15%
Rakkauden planeetta Kyykyssä
15%
Perjantai 14. päivä Marjo-Riitta, rahtarin rakkaus
15%
Käärmenäyttely Matkalla Motowniin
15%
Varasteleva joulupukki Oikein surullista joulua
15%
Turkmenialainen tyttöystävä Pohjoisen taivaan alla
15%
Raha ja rakkaus Pölyä ja tuhkaa
15%
Musiikkiluokka Postinkantaja
15%
Kerran elämässä Rakkauslaulu
15%
Musiikkiluokka Rooma
15%
Kerran elämässä Soile Söderberg
15%
Perjantai 14. päivä Soitinkaupan ikkunassa
15%
Perjantai 14. päivä Soledad-2
15%
Hopeahääpäivä Toiveunta
15%
Turkmenialainen tyttöystävä Toteemipaalu
15%
Raparperitaivas Tuhkimo Titanicin kannella
15%
Raparperitaivas Vaaleanpunainen asuntovaunu
15%
Perjantai 14. päivä Viisas talonmies
15%
Mies joka toi rock ’n’ rollin Suomeen Anastasia
10%
Suuteleminen kielletty Carolina
10%
Bulebule Elämä kuin euroviisu
10%
Kerran elämässä Eldorado
10%
Kerran elämässä Elisenda
10%
Suuteleminen kielletty Enää ei olla niin kuin ennen
10%
Kerran elämässä Enkelinhöyheniä ikkunalaudalla
10%
Suuteleminen kielletty En yksinäinen ollut silloin
10%
Raha ja rakkaus Hannu ja Kerttu
10%
Bulebule Henkilökohtaista
10%
Perjantai 14. päivä Henry VIII: Tanssi poissaoleville ystäville
10%
Suuteleminen kielletty Hevosella Helsinkiin
10%
Bulebule Ihanasti sanottu
10%
Raha ja rakkaus Ihmeiden kaupunki
10%
Raparperitaivas Jos itken illalla
10%
Hopeahääpäivä Käsipohjaa
10%
Kadonnut laakso Kaukaisessa satamassa
10%
Perjantai 14. päivä Kerro terveiset lapsille
10%
Musiikkiluokka Kööpenhamina (teltta ja kamina)
10%
Raparperitaivas Köyhän miehen Danny
10%
Turkmenialainen tyttöystävä Kuin jäisellä peltikatolla
10%
Raha ja rakkaus Laineen Pia
10%
Rakkauden planeetta Luonnollinen valinta
10%
Raha ja rakkaus Makeampi makeaa
10%
Raparperitaivas Miranda
10%
Häntä koipien välissä Mitä mä niillä teen?
10%
Onnen avaimet Mitä sä meinaat?
10%
Käärmenäyttely Moottoritiemurhaaja muistelee
10%
Perjantai 14. päivä Mutta viereesi nukahdan
10%
Perjantai 14. päivä Myöhemmin
10%
Mies joka toi rock ’n’ rollin Suomeen Nigger Jonas (Palkkionmetsästäjä)
10%
Raha ja rakkaus Palava rakkaus
10%
Suuteleminen kielletty Pikkutyttö
10%
Perjantai 14. päivä Pohjois-Karjala (Skandinavia Mix)
10%
Mies joka toi rock ’n’ rollin Suomeen Pojat tanssimaan
10%
Rakkauden planeetta Rei Ban Bombay
10%
Kadonnut laakso Rock on, Rudy
10%
Kadonnut laakso Sadetanssi
10%
Onnen avaimet Samoissa kengissä
10%
Raparperitaivas Sateisena päivänä
10%
Suuteleminen kielletty Sua rakastan
10%
Rakkauden planeetta Sunnuntaiksi San Franciscoon
10%
Onnen avaimet Suru ja onni
10%
Perjantai 14. päivä Surumetsien talvimorsian
10%
Käärmenäyttely Syntisen kaunis mies
10%
Rakkauden planeetta Takaisin hiekkalaatikkoon
10%
Onnen avaimet Tallinnan laivalla
10%
Perjantai 14. päivä Tiina-Liisa
10%
Käärmenäyttely Tuhlaajapoika
10%
Onnen avaimet Tyttöbändi Tikittävä Torpedo
10%
Kadonnut laakso Uni joka pääty ei
10%
Käärmenäyttely Usein iltaisin
10%
Hopeahääpäivä Uusi sihteeri
10%
Kadonnut laakso Yksin ruma tyttö tanssii
10%
Bulebule Aina mielessä
5%
Käärmenäyttely Andante
5%
Suuteleminen kielletty Anna (ehkä huomenna kaikki on toisin)
5%
Raha ja rakkaus Baby Boy
5%
Onnen avaimet Baby-Doll
5%
Suuteleminen kielletty Ei tytöt sitä tietää saa
5%
Bulebule Hey Come On (ei voi mitään)
5%
Käärmenäyttely Hubaa habaa
5%
Varasteleva joulupukki Huomenna on joulu
5%
Suuteleminen kielletty Itke en
5%
Kerran elämässä Jollakseen
5%
Suuteleminen kielletty Jos lähdet, Laila
5%
Varasteleva joulupukki Joulu vuosia myöhemmin
5%
Kerran elämässä Kaikki tai ei mitään
5%
Raha ja rakkaus Kaivopuiston kuristaja
5%
Hopeahääpäivä Karkkipäivä
5%
Bulebule Keskellä yötä
5%
Mies joka toi rock ’n’ rollin Suomeen Kolmen dollarin tähden
5%
Kerran elämässä Kylmänä yönä keskikaupungilla
5%
Hopeahääpäivä Lahopää-Liisa
5%
Käärmenäyttely Lähtölaskenta pieneen sydämeen
5%
Kadonnut laakso Lainsuojattomat
5%
Bulebule Lihaksikas nainen
5%
Hopeahääpäivä Liikaa sanoja
5%
Turkmenialainen tyttöystävä Lumettoman talven tarinoita
5%
Kerran elämässä Luokkakokous
5%
Bulebule Maallinen vaellus
5%
Hopeahääpäivä Matkalla omiin hautajaisiin
5%
Bulebule Melkein vieraissa
5%
Mies joka toi rock ’n’ rollin Suomeen Mene pois
5%
Turkmenialainen tyttöystävä Miesten kesken
5%
Turkmenialainen tyttöystävä Muurahaisen munat
5%
Kadonnut laakso Näkymättömät kaupungit
5%
Suuteleminen kielletty Neiti Nieminen
5%
Kadonnut laakso Olipa kerran ihminen
5%
Onnen avaimet Omenapiirakan makuista huulirasvaa
5%
Varasteleva joulupukki Onneksi jouluun on aikaa
5%
Käärmenäyttely Rikki revitty pinta
5%
Hopeahääpäivä Sandy
5%
Kerran elämässä Sika joka osasi lentää siivillään
5%
Kerran elämässä Sininen koira
5%
Kadonnut laakso Siperia
5%
Varasteleva joulupukki Soiva jouluyllätys
5%
Onnen avaimet Taivas on Taunuksen takapenkillä
5%
Mies joka toi rock ’n’ rollin Suomeen Tämä vaikea elämä
5%
Bulebule Tiskirätti
5%
Raparperitaivas Torin laidalla posetiivi ja vanha mies, joka syöttää pulua vaimolleen
5%
Hopeahääpäivä Tulilanka palaa
5%
Onnen avaimet Tyttären vaimo
5%
Onnen avaimet Tyttö jota ei koskaan suudeltu
5%
Mies joka toi rock ’n’ rollin Suomeen Tyttö jota rakastan
5%
Käärmenäyttely Västerås
5%
Kerran elämässä Voit olla huoleti, Gloria
5%
Käärmenäyttely Yksityinen anatomian luento
5%
Turkmenialainen tyttöystävä Yön tuoksut
5%
Raparperitaivas Eräänä kesäisenä iltana
0%
Mies joka toi rock ’n’ rollin Suomeen Herra Presidentti käy kuvauttamassa itsensä ja näkee unenomaisessa näyssä vanhan äitinsä
0%
Hopeahääpäivä Kaupungin tavoitelluin remonttimies
0%
Turkmenialainen tyttöystävä Kuudentoista vuoden yhtäjaksoinen sade
0%
Onnen avaimet Nuotioilta parvekkeella
0%
Raparperitaivas Sierra Madren aarre
0%
Hopeahääpäivä Sydän etsii kodin itselleen
0%
Varasteleva joulupukki Taas kun joululta näyttää
0%
Käärmenäyttely Tulikuumat pakoputket
0%
Käärmenäyttely Usvan keskellä
0%
Varasteleva joulupukki Varasteleva joulupukki
0%
Ehtoja vastaavia visoja ei löytynyt
Tulosjakauma
Jokaisen tuloksen saaneiden osuus
Persentiili vastausten määrän mukaan
Tuloshistoriasi
Et ole pelannut tätä visaa